Epowerment of women through distance education : (Record no. 123620)

MARC details
000 -LEADER
fixed length control field 01042nam a22002777a 4500
003 - CONTROL NUMBER IDENTIFIER
control field dpl
005 - DATE AND TIME OF LATEST TRANSACTION
control field 20180712100714.0
008 - FIXED-LENGTH DATA ELEMENTS--GENERAL INFORMATION
fixed length control field 180602b xxu||||| |||| 00| 0 eng d
010 ## - LIBRARY OF CONGRESS CONTROL NUMBER
LC control number A-940396
020 ## - INTERNATIONAL STANDARD BOOK NUMBER
Terms of availability 250.00
International Standard Book Number 8185194483
035 ## - SYSTEM CONTROL NUMBER
System control number A-940396, A-940400, A-940397
037 ## - SOURCE OF ACQUISITION
Source of stock number/acquisition Cen Lib/Ret
040 ## - CATALOGING SOURCE
Original cataloging agency DPL
Language of cataloging EN
Transcribing agency 0
082 ## - DEWEY DECIMAL CLASSIFICATION NUMBER
Classification number 376.07154
Edition number PAN
100 ## - MAIN ENTRY--PERSONAL NAME
Personal name Pandit,P.Vijayalakshmi
9 (RLIN) 7231
245 ## - TITLE STATEMENT
Title Epowerment of women through distance education :
Statement of responsibility, etc by P.Vijayalakshmi Pandit
Remainder of title A case of Dr. B.R.Ambedkar open university /
260 ## - PUBLICATION, DISTRIBUTION, ETC. (IMPRINT)
Place of publication, distribution, etc Hyderabad
Name of publisher, distributor, etc Booklinks corporation
Date of publication, distribution, etc 1997
270 ## - ADDRESS
Address Narayanaguda
City Hyderabad
Postal code 500029
300 ## - PHYSICAL DESCRIPTION
Extent xi,211p.
Dimensions 21cm(Hb)
Other physical details ill.
500 ## - GENERAL NOTE
General note Includes bibliographical reference
650 ## - SUBJECT ADDED ENTRY--TOPICAL TERM
Topical term or geographic name as entry element Women empowerment - India
9 (RLIN) 7232
650 ## - SUBJECT ADDED ENTRY--TOPICAL TERM
Topical term or geographic name as entry element Distance education - Women
9 (RLIN) 7233
650 ## - SUBJECT ADDED ENTRY--TOPICAL TERM
Topical term or geographic name as entry element महिला सशक्तिकरण - भारत
9 (RLIN) 2406
650 ## - SUBJECT ADDED ENTRY--TOPICAL TERM
Topical term or geographic name as entry element दूरस्थ शिक्षा - महिला
9 (RLIN) 2130
942 ## - ADDED ENTRY ELEMENTS (KOHA)
Source of classification or shelving scheme Dewey Decimal Classification
Koha item type English Books
Classification part 376.07154
Call number suffix PAN
Holdings
Withdrawn status Lost status Damaged status Not for loan Home library Current library Date acquired Source of acquisition Cost, normal purchase price Total Checkouts Full call number Barcode Date last seen Copy number Cost, replacement price Price effective from Koha item type Public note Source of classification or shelving scheme Collection code
Written off       Central Library Central Library 09/06/2015 Cen Lib/Ret 250.00   376.07154 PAN A-940396 09/06/2015 1 250.00 09/06/2015 English Books W/d List No. 6899/17 ; dtd 21/10/2020    
        Patel Nagar Patel Nagar 12/07/2018 BPPD/PUB 250.00   376.07154 PAN A-940397 12/07/2018   250.00 12/07/2018 English Books   Dewey Decimal Classification Non-fiction
        Sarojini Nagar Sarojini Nagar 11/02/2019       376.07154 PAN A-940398 11/02/2019     11/02/2019 English Books   Dewey Decimal Classification Non-fiction
        Shahdara Branch Shahdara Branch 02/06/2018 BPPD/PUB 250.00   376.07154 PAN A-940400 02/06/2018   250.00 02/06/2018 English Books   Dewey Decimal Classification Non-fiction

© Delhi Public Library
Hit Counter
free hit counter